| 000 | 00678nam a22001817a 4500 | ||
|---|---|---|---|
| 999 |
_c186524 _d186524 |
||
| 005 | 20220308131115.0 | ||
| 010 | _aENG-131882 | ||
| 020 |
_a97893801970 _c499.00 |
||
| 035 | _aEN-115413 | ||
| 037 | _bDBAD/PUB | ||
| 082 |
_a305.56880954 _b1 |
||
| 245 |
_aDalits in india; _bProblem, Programmes and empowerment/ _cMutluri Abraham and T.V krishna |
||
| 260 |
_bDesh Vikas Publications _aAndhra Pradesh _c2020 |
||
| 270 |
_aD.no. 1-43-19, Adarsha Nagar Peda waltair, visakhaapatnam. _bAndhra Pradesh _mwww.deshvikaspublications@gmail.com |
||
| 300 |
_axi,231p. _c24cm(Pbk) |
||
| 700 |
_aAbraham , Mutluri _bKrishna , T.V. |
||
| 942 |
_2ddc _cEN _h305.56880954 _mDAL |
||